Wąż wyrazowy - państwa - Statystyki

Ogólne statystyki
  • Ten quiz został rozwiązany 15 razy
  • Średni wynik to 13 z 18
Statystyki odpowiedzi
Zagadnienie Odpowiedź % Poprawnych
Zaznacz flagę Egiptu
100%
Zaznacz państwo na ostatnią literę słowa Egipt
83%
Zaznacz państwo na ostatnią literę poprzedniego państwa
83%
Zaznacz państwo na ostatnią literę poprzedniego państwa
75%
Zaznacz państwo na ostatnią literę poprzedniego państwa
75%
Zaznacz państwo na ostatnią literę poprzedniego państwa
75%
Zaznacz państwo na ostatnią literę poprzedniego państwa
75%
Zaznacz państwo na ostatnią literę poprzedniego państwa
75%
Zaznacz państwo na ostatnią literę poprzedniego państwa
75%
Zaznacz państwo na ostatnią literę poprzedniego państwa
75%
Zaznacz państwo na ostatnią literę poprzedniego państwa
75%
Zaznacz państwo na ostatnią literę poprzedniego państwa
67%
Zaznacz państwo na ostatnią literę poprzedniego państwa
67%
Zaznacz państwo na ostatnią literę poprzedniego państwa
67%
Zaznacz państwo na ostatnią literę poprzedniego państwa
67%
Zaznacz państwo na ostatnią literę poprzedniego państwa
67%
Zaznacz państwo na ostatnią literę poprzedniego państwa
67%
Zaznacz państwo na ostatnią literę poprzedniego państwa
67%
Nie znaleziono quizów pasujących do podanych kryteriów
Rozkład punktacji
Procent ludzi z każdym wynikiem
Percentyl według liczby udzielonych odpowiedzi
Twoja historia wyników
Nie rozwiązałeś tego quizu